Statistiques concernant Anagrammes acteurs français de cinéma

Cliquez ici pour prendre le quiz!

Statistiques générales

  • Ce quiz a été pris 1 333 fois
  • Le résultat moyen est 20 sur 38

Statistiques - réponses

AnagrammePrénom de l'acteurNom de l'acteur% Correct
BâchâtAlainChabat
93%
DrameKadMerad
91%
CliveraChristianClavier
87%
ClasseVincentCassel
84%
FenduesLouisDe Funès
81%
LodenAlainDelon
80%
AgaricJoséGarcia
79%
BrûléPatrickBruel
78%
SnobesLucBesson
77%
DomainesFrançois-XavierDemaison
77%
SabreursClaudeBrasseur
74%
NagibJeanGabin
74%
CabriJean-PierreBacri
73%
TanceGuillaumeCanet
73%
TuileauDanielAuteuil
69%
VouerJean-PaulRouve
66%
OrneJeanReno
62%
GemmailBenoitMagimel
61%
HeurtsFrancisHuster
56%
TapiJeanPiat
50%
VétillerJacquesVilleret
47%
DiraitPierreArditi
46%
RenierYvesRenier
41%
LibreBernardBlier
39%
MatelotMartinLamotte
35%
LigneDanielGelin
31%
SamiraJeanMarais
29%
OrientPhilippeNoiret
28%
TroneMauriceRonet
27%
SorbetsClaudeBrosset
24%
PotierJeanPoiret
24%
EmaillerJean-PierreMarielle
23%
GreteGeorgesGeret
18%
CornetMichelCreton
17%
AduleJean-PierreLeaud
16%
LustreraMichelSerrault
12%
ScellaitPhilippeCastelli
8%
PalierPieral
2%

Distribution des résultats

Percentile par nombre de réponses

% des personnes avec chaque résultat

Votre développement - résultats

Vous n’avez pas pris ce quiz